Bhutan - Denmark : (Record no. 3701)
[ view plain ]
| 000 -LEADER | |
|---|---|
| fixed length control field | 00701cam a2200193 4500 |
| 001 - CONTROL NUMBER | |
| control field | 4470 |
| 005 - DATE AND TIME OF LATEST TRANSACTION | |
| control field | 20181127173450.0 |
| 008 - FIXED-LENGTH DATA ELEMENTS--GENERAL INFORMATION | |
| fixed length control field | 060622s2005 ii a f000 0 eng |
| 010 ## - LIBRARY OF CONGRESS CONTROL NUMBER | |
| LC control number | 2006561789 |
| 043 ## - GEOGRAPHIC AREA CODE | |
| Geographic area code | a-ii--- |
| -- | a-bt--- |
| 100 1# - MAIN ENTRY--PERSONAL NAME | |
| Personal name | Nielsen, Henrik A. |
| 245 10 - TITLE STATEMENT | |
| Title | Bhutan - Denmark : |
| Statement of responsibility, etc. | |
| Remainder of title | Developing a partnership through 35 years / |
| Statement of responsibility, etc. | Henrik A Nielsen, Gopilal Acharya. |
| Remainder of title | |
| 260 ## - PUBLICATION, DISTRIBUTION, ETC. | |
| Place of publication, distribution, etc. | Thimphu : |
| Name of publisher, distributor, etc. | Henrik A Nielsen & Gopilal Acharya, |
| Date of publication, distribution, etc. | 2014. |
| 300 ## - PHYSICAL DESCRIPTION | |
| Extent | 210 p. : |
| Other physical details | chiefly col. ill. ; |
| Dimensions | 25 cm. |
| 651 #0 - SUBJECT ADDED ENTRY--GEOGRAPHIC NAME | |
| Geographic name | Bhutan |
| General subdivision | Relations |
| Geographic subdivision | Denmark |
| Form subdivision | Pictorial works. |
| Geographic name | Bhutan |
| General subdivision | Relations |
| Geographic subdivision | Denmark. |
| Geographic name | Denmark |
| General subdivision | Relations |
| Geographic subdivision | Bhutan |
| Form subdivision | Pictorial works. |
| Geographic name | Denmark |
| General subdivision | Relations |
| Geographic subdivision | Bhutan. |
| Withdrawn status | Lost status | Source of classification or shelving scheme | Damaged status | Not for loan | Collection code | Home library | Current library | Shelving location | Serial Enumeration / chronology | Inventory number | Total Checkouts | Full call number | Barcode | Date last seen | Copy number | Price effective from | Koha item type |
|---|---|---|---|---|---|---|---|---|---|---|---|---|---|---|---|---|---|
| Dewey Decimal Classification | Main TEST | RTC Library | RTC Library | Main opac | 7142 | 954.98 NIE | 30007223 | 27/11/2018 | 1 | 27/11/2018 | Main | ||||||
| Dewey Decimal Classification | Main TEST | RTC Library | RTC Library | Main opac | 7143 | 954.98 NIE | 30007206 | 27/11/2018 | 2 | 27/11/2018 | Main |